000 00210nam a22000977a 4500
082 _a823
_bROW/J
100 _aROWLING, J K
245 _aHARRY POTTER AND THE GOBLET OF FIRE
650 _aENGLISH STORY
942 _cBK
999 _c7680
_d7680